000 00372pab a2200157 454500
008 180718b1996 xxu||||| |||| 00| 0 eng d
100 _aHardwari Lal
245 _aJudiciary in India
_bopen courts glorious records.
260 _c1996
300 _ap.8
362 _a13 Mar
650 _aJudiciary - India
650 _aJudiciary
773 _aTribune
909 _a31316
999 _c31316
_d31316